National Anthem of Japan - 君が代 (Kimigayo) - Statistics

General Stats
  • This quiz has been taken 6 times
  • The average score is 12 of 15
Answer Stats
Lyrics % Correct
Kimigayo
100%
Iwao
83%
Koke
83%
musu
83%
narite
83%
ni
83%
ni
83%
no
83%
no
83%
Sazare-ishi
83%
to
83%
wa
83%
made
67%
yachiyo
67%
Chiyo
50%
No matching quizzes found
Score Distribution
Percent of People with Each Score
Percentile by Number Answered
Your Score History
You have not taken this quiz